| 000 | 00497pab a2200169 454500 | ||
|---|---|---|---|
| 008 | 180718b xxu||||| |||| 00| 0 eng d | ||
| 100 | _aGormley William T. Jr. | ||
| 245 | _aNational styles of regulation: child care in three countries | ||
| 362 | _a25(4), Nov 92, p.381-99 | ||
| 650 | _a Child Welfare -- U.S.A. | ||
| 650 | _a Child Welfare -- Sweden | ||
| 650 | _a Child Welfare -- Germany | ||
| 650 | _aChild Welfare | ||
| 700 | _aPeters B. Guy | ||
| 773 | _aPolicy Sciences | ||
| 909 | _a25326 | ||
| 999 |
_c25326 _d25326 |
||